[Event "GEO chT Clubs 2017"]
[Site "Tbilisi"]
[Date "2017.12.05"]
[Round "7"]
[White "Paichadze, Luka"]
[Black "Sibashvili, Giorgi"]
[Result "1-0"]
[WhiteElo "2580"]
[BlackElo "2412"]
[Annotator "TA"]
[PlyCount "177"]
[EventDate "2017.??.??"]
[EventCountry "GEO"]
[SourceTitle "playchess.com"]
[Source "ChessBase"]
[SourceQuality "1"]

{[%evp 19,177,8,16,8,25,16,28,29,35,42,56,56,54,50,52,53,83,83,83,83,92,105,92,53,40,45,47,38,55,50,47,46,71,57,58,64,142,142,144,138,263,145,156,182,159,150,315,287,289,286,276,250,238,170,159,145,145,114,223,228,227,226,243,226,243,250,280,231,333,328,388,389,421,304,301,302,277,270,289,267,281,265,287,271,363,363,363,356,363,240,309,293,269,244,244,239,282,271,254,189,233,225,216,210,310,310,308,308,311,310,308,303,285,225,285,270,370,369,767,361,393,393,475,510,507,490,474,461,797,793,716,631,1456,1393,1456,1347,964,852,865,798,797,685,657,608,490,474,1316,757,29971,29972,29973,4943,29982,29983,29982,29983,29986,29987,29986,29953]} 1. e4 e6 2. d4 d5 3. Nc3 Bb4 4. exd5 exd5 5. Bd3 Nf6 6. a3 Bxc3+ {C01: Französische Verteidigung (Abtauschvariante)} 7. bxc3 O-O 8. Ne2 c5 9. dxc5 Nbd7 10. Be3 Qe7 {LiveBook: 3 Partien} 11. O-O Nxc5 12. Re1 Bg4 $146 ({Vorgänger:} 12... Bd7 13. Bd4 Rfe8 14. f3 {1-0 (49) Onischuk,V (2614)-Nilsen,J (2397) Stockholm 2016}) 13. Bd4 Qd6 14. f3 Nxd3 15. cxd3 Bf5 16. Qd2 Nd7 17. Qg5 {[%csl Gd4][%cal Rg5g7]} Qg6 18. Qxg6 hxg6 19. Nf4 Rfe8 20. Rxe8+ Rxe8 21. Bxa7 g5 22. Nxd5 Bxd3 23. Rd1 Bc2 24. Rd2 Ba4 25. Bd4 Re1+ 26. Kf2 Ra1 27. Rb2 Rxa3 (27... Bc6 $14) 28. Rxb7 $16 Ra2+ 29. Kg3 {Und Ta7 würde nun gewinnen.} Kh7 (29... Rd2 $16 30. Ra7 Bb5) 30. Ne3 (30. Ra7 $18) 30... Kg6 31. h4 $1 gxh4+ 32. Kxh4 Re2 $2 {[#]} (32... Bc6 $16 {war angesagt.} 33. Rc7 Ra6) 33. Ra7 $1 $18 {[%cal Ra7a4]} Ra2 34. f4 f6 35. g4 Kf7 36. f5 Ke8 37. g5 {Ta8+ ist eine echte Drohung.} Bb3 38. Rb7 fxg5+ (38... Bc2 $16 39. Nxc2 Rxc2) 39. Kxg5 Bf7 40. Bxg7 Ke7 41. Be5 Re2 42. Bd4 Ra2 43. Rb1 Ra8 (43... Rh2 {ist wohl besser.} 44. Ra1 Rh5+ 45. Kf4 Rh4+ 46. Kg3 Re4) 44. Rh1 Rg8+ 45. Kf4 Bb3 46. Ng4 Ra8 47. Rh7+ Kd6 48. Rh6+ Ke7 49. Nf2 Ra1 50. Rh7+ Kd8 51. Rh8+ Ke7 52. Ne4 Rf1+ 53. Kg5 Bc2 54. Rh4 Bd3 55. Rh7+ Ke8 56. Ng3 Ra1 57. Rh2 Ke7 58. Rd2 Bc4 59. Nh5 Kf7 60. Rb2 {Schwarz muss nun Tb7 beachten.} Ke7 61. Nf4 Bf7 (61... Ra5 $142 62. Rb4 Bf7) 62. Rh2 Ra8 63. Ng6+ Kd6 64. Rh6 Rg8 65. Kf4 Kc7 66. Nh4 Kd8 67. Nf3 Rg2 68. Ng5 Bb3 $2 (68... Bc4 69. f6 Kc7) 69. f6 (69. Ne6+ $142 Ke7 70. Rh7+ Ke8 {[#]} 71. Rxd7 $1 {[%mdl 512]} Kxd7 72. Nc5+ Kd8 73. Nxb3) 69... Kc7 70. f7 Rxg5 71. Kxg5 Bxf7 {[%mdl 4096] Endspiel KTL-KLS} 72. Kf4 Bd5 73. Ke3 Nf8 (73... Bg2 $142 74. c4 Bf1) 74. Be5+ Kb7 75. Rd6 Bc6 76. Kd4 Nd7 77. c4 Nb6 78. Rh6 Nd7 79. Rh2 Bf3 80. Bf4 Kc6 81. Rh6+ Kb7 82. Kc3 Bc6 (82... Nc5 $142 83. Be3 Nd7) 83. Kb4 Bf3 84. Kb5 Bg2 85. Rd6 (85. Re6 $142 Bh3 86. Rc6 Bg4 87. Rc7+ Ka8 88. c5 Nf6 89. c6 Be6 90. Re7) 85... Bh3 86. c5 {[%cal Bc4c5,Bc5c6,Bc6c7][%mdl 32] Weiß setzt Matt.} Bf1+ 87. Kb4 Kc8 88. c6 Nb6 89. c7 {Precision: Weiß = 79%, Schwarz = 31%.} 1-0

[Event "GEO chT Clubs 2017"]
[Site "Tbilisi"]
[Date "2017.12.05"]
[Round "7"]
[White "Gelashvili, Tamaz"]
[Black "Lortkipanidze, Nodar"]
[Result "1-0"]
[WhiteElo "2556"]
[BlackElo "2225"]
[Annotator "TA"]
[PlyCount "59"]
[EventDate "2017.??.??"]
[EventCountry "GEO"]
[SourceTitle "playchess.com"]
[Source "ChessBase"]
[SourceQuality "1"]

{[%evp 12,59,47,0,3,-2,-8,-28,-15,-14,-16,-13,0,0,0,0,0,0,0,0,10,-40,0,0,0,-49,-47,-45,-55,-82,-69,-87,-10,-5,-3,-2,-26,-21,211,221,270,260,827,810,787,804,4986,4924,4882,2379]} 1. e4 e6 2. d4 d5 3. e5 c5 4. c3 Qb6 5. Nf3 Bd7 6. a3 a5 7. c4 {LiveBook: 3 Partien. Weiss will cxd5 spielen. C02: Französische Verteidigung (Vorstoßvariante)} (7. b3 Nc6 8. Be3 Nh6 9. Bd3 Ng4 10. O-O Rc8 11. Nbd2 {½-½ (11) Lintchevski,D (2553)-Nosenko,A (2508) Minsk 2014}) 7... cxd4 8. cxd5 exd5 9. Bd3 {Die Stellung ist ausgeglichen.} Bc5 10. O-O Ne7 11. Nbd2 Ng6 $146 ({Vorgänger:} 11... a4 12. b4 axb3 13. Nxb3 Ba4 14. Rb1 Nbc6 {1-0 (44) Paakkonen,T (2283)-Nivala,T (2204) Finland 2013}) 12. Nb3 Ba4 13. Bc2 Bxb3 14. Bxb3 O-O 15. Bxd5 Nd7 16. Re1 Rae8 (16... d3 $5 {[%cal Rc5f2]} 17. Kh1 Bxf2 $17) 17. e6 fxe6 18. Ba2 {[#]} d3 $1 {[%mdl 512]} 19. Be3 (19. Qxd3 Bxf2+) 19... Bxe3 20. Rxe3 Nf4 21. Qd2 Nf6 (21... Rc8 $17 {Weiss muss nun ...Tc2 beachten.} 22. Ne1 Nc5) 22. Ne5 $11 {[%cal Bf3e5,Be5d7,Bd7f8,Bf8e6][%mdl 32]} Rd8 {und nun wäre ...S6d5 stark für Schwarz.} 23. Kh1 $1 Rd4 {...Se4 ist eine echte Drohung.} 24. Rae1 N6d5 $2 {[#]} (24... Rc8 $11 {und Schwarz ist OK.} 25. Bb1 Rd5) 25. Nd7 $1 $18 {[%cal Rd7b6]} Qc6 26. Nxf8 Qc2 $2 (26... Kxf8 27. Rc1 Qd7) 27. Qxc2 {Weiß steht klar auf Gewinn.} dxc2 28. Nxe6 Rd1 29. Nxf4 c1=Q 30. Bxd5+ {Precision: Weiß = 74%, Schwarz = 53%.} 1-0

[Event "GEO chT Clubs 2017"]
[Site "Tbilisi"]
[Date "2017.12.05"]
[Round "7"]
[White "Benidze, Davit"]
[Black "Kitesashvili, Giorgi"]
[Result "1-0"]
[WhiteElo "2512"]
[BlackElo "1839"]
[Annotator "TA"]
[PlyCount "80"]
[EventDate "2017.??.??"]
[EventCountry "GEO"]
[SourceTitle "playchess.com"]
[Source "ChessBase"]
[SourceQuality "1"]

{[%evp 21,80,17,20,13,28,29,45,46,34,25,68,25,41,39,34,25,37,35,43,50,37,29,32,21,39,35,36,27,28,22,58,17,27,5,36,20,160,153,316,341,322,349,337,289,415,404,411,404,456,462,496,489,500,456,912,515,566,582,550,503,911]} 1. Nf3 Nf6 2. g3 d5 3. Bg2 c5 4. O-O Nc6 5. d4 cxd4 6. Nxd4 e6 7. c4 Be7 8. Nc3 O-O 9. cxd5 Nxd5 10. Nxd5 exd5 11. Nxc6 {A34: Englische Eröffnung (Symmetrische Variante)} (11. Be3 Bg4 12. Rc1 Qd7 13. Qa4 Nxd4 14. Qxd4 Rfd8 15. Rfd1 Be6 16. Bf4 Qb5 17. Be5 Bf8 18. Qd3 Qxd3 19. Rxd3 {1-0 (68) Ponomariov,R (2743)-Khismatullin,D (2658) Khanty-Mansiysk 2013}) 11... bxc6 {LiveBook: 4 Partien} 12. Qc2 Qb6 $146 ({Vorgänger:} 12... Be6 13. Qxc6 Qa5 14. Qc2 Bf6 15. Rd1 Rab8 16. Bd2 Qb6 17. Rab1 d4 18. b3 Qa6 {1-0 (51) Ledger,A (2392)-Longson,A (2338) Gallipoli 2014}) 13. Be3 {[%cal Bc1e3,Be3d4,Bd4e5][%mdl 32] Weiß hat minimalen Vorteil.} Qa6 14. Bd4 Be6 15. e3 Rab8 16. Rfd1 c5 17. Be5 Rbd8 $1 18. b3 f6 19. Bc3 Bf7 20. Rd2 Rd7 21. Bh3 Be6 22. Bf1 Qc6 23. Bd3 g6 24. Rad1 Kg7 25. Bf1 Bg4 26. Rc1 (26. Bg2 $5 {[%cal Rg2d5]}) 26... Rfd8 27. Bg2 Bf5 28. Qd1 Qe6 (28... Be6 $1 $11) 29. Ba5 $16 Bg4 $2 {[#]} (29... Re8 $16) 30. f3 $18 Qxe3+ 31. Kh1 Bf5 32. Re2 Qd3 (32... Qd4 {war angesagt.} 33. Rxe7+ Rxe7) 33. Bxd8 Bxd8 34. g4 Be4 35. fxe4 {Weiß steht klar auf Gewinn.} dxe4 36. Qf1 e3 37. Rce1 Re7 (37... c4 $142 38. Rxe3 Qxf1+ 39. Bxf1 cxb3 40. axb3 Kh6) 38. Qf3 c4 39. Rxe3 Rxe3 40. Qxe3 Qd7 {Precision: Weiß = 54%, Schwarz = 33%.} (40... Qxe3 $142 41. Rxe3 cxb3 42. Rxb3 Kh6) 1-0

[Event "GEO chT Clubs 2017"]
[Site "Tbilisi"]
[Date "2017.12.05"]
[Round "7"]
[White "Maghalashvili, Davit"]
[Black "Zardiashvili, Akaki"]
[Result "1-0"]
[WhiteElo "2496"]
[BlackElo "1880"]
[Annotator "TA"]
[PlyCount "83"]
[EventDate "2017.??.??"]
[EventCountry "GEO"]
[SourceTitle "playchess.com"]
[Source "ChessBase"]
[SourceQuality "1"]

{[%evp 22,82,17,16,38,10,127,127,234,231,218,227,221,224,222,214,204,148,206,159,147,107,123,124,131,108,113,105,120,0,126,112,118,114,281,278,279,266,448,446,439,437,427,431,426,424,510,510,470,447,537,474,474,462,622,612,1001,1001,2409,2192,29998,29999,29999]} 1. Nf3 d5 2. g3 Nf6 3. Bg2 c5 4. O-O Nc6 5. d4 e6 6. c4 Be7 7. Nc3 O-O 8. cxd5 exd5 9. dxc5 Bxc5 10. Na4 Bd6 {D34: Tarrasch Defence: 6 g3 Nf6 7 Bg2 Be7} (10... Be7 11. Be3 Re8 12. Rc1 Bg4 13. Nd4 Qd7 14. f3 Bf5 15. Nxc6 bxc6 16. Bd4 Qb7 17. e3 Nd7 18. Rf2 Rac8 19. b3 c5 20. Ba1 Nb6 21. Nc3 {0-1 (46) Inarkiev,E (2680)-Moranda,W (2591) Wroclaw 2014}) 11. Be3 Re8 12. Rc1 {LiveBook: 13 Games} Qa5 {The position is equal.} 13. Bc5 $146 ({Predecessor:} 13. a3 Bd7 14. Nc5 Rxe3 15. Nxd7 Rxf3 16. Bxf3 Nxd7 17. Bxd5 Qc7 18. b4 {1-0 (61) Bakre,T (2518)-Kamble,V (2406) Bhubaneswar 2011}) 13... Bc7 {[#]} (13... Bxc5 $11 {keeps the balance.} 14. Rxc5 Qd8) 14. b4 $1 $16 {[%cal Rb4a5][%mdl 512]} Qb5 (14... Qa6 $16) (14... Nxb4 15. Bxb4) 15. Nc3 $1 $18 {[%csl LRb5,LRd5][%cal Rc3b5]} Qc4 16. Nd4 Nxd4 17. Bxd4 Bd8 18. Bxf6 $1 gxf6 19. Nxd5 Qxa2 (19... Qxe2 $16 {is a better defense.} 20. Qd4 Qe5) 20. Qd4 {Strongly threatening Rxc8!} Qxe2 21. Nxf6+ Bxf6 22. Qxf6 Qe7 23. Qf4 {Threatens to win with Rc5.} Qe5 24. Qh4 {Black must now prevent Rc5.} Qe7 25. Qf4 Qe5 $1 {intending ...Qxf4.} 26. Qh6 Re6 27. Qh4 {Hoping for Rfd1.} Bd7 $2 {[#]} (27... Qf6 $16) 28. Bh3 $1 ({Resist} 28. Bxb7 $6 Rb8 $16) 28... f5 {[#]} 29. Rc5 $1 {[%cal Rc5e5]} Qe4 $2 (29... Qg7 {might work better.} 30. Rc7 (30. Rxf5 Rh6 $16) 30... Re7 31. Rxb7 Rae8 32. Rxa7 Bb5 33. Rxe7 Qxe7) 30. Bxf5 Qxh4 31. Bxe6+ ({Not} 31. gxh4 Re7 $14) 31... Bxe6 32. gxh4 {[%mdl 4096] Endgame KRR-KRB} Kf7 33. Rfc1 b6 34. Rc7+ Kf6 35. f3 a5 36. b5 a4 37. R7c6 Kf5 38. Rxb6 a3 39. Rc5+ Kf4 40. Rxe6 {Threatening mate with Kf2.} a2 41. Kf2 {[%cal Re6f6]} a1=Q 42. Re4# {Precision: White = 72%, Black = 30%.} 1-0

[Event "GEO chT Clubs 2017"]
[Site "Tbilisi"]
[Date "2017.12.05"]
[Round "7"]
[White "Azaladze, Shota"]
[Black "Licheli, Luka"]
[Result "1/2-1/2"]
[WhiteElo "2464"]
[BlackElo "2028"]
[Annotator "TA"]
[PlyCount "103"]
[EventDate "2017.??.??"]
[EventCountry "GEO"]
[SourceTitle "playchess.com"]
[Source "ChessBase"]
[SourceQuality "1"]

{[%evp 20,103,30,25,26,27,27,24,45,42,42,37,50,45,70,27,43,25,23,20,20,26,27,16,27,12,12,11,12,11,12,4,39,0,12,12,12,11,12,11,11,11,12,12,12,7,16,12,18,13,13,12,19,0,6,4,18,8,14,8,13,12,75,33,197,223,224,224,227,219,212,51,58,38,61,50,55,66,59,52,46,46,46,45,30,0]} 1. Nf3 Nf6 2. g3 g6 3. b3 Bg7 4. Bb2 b6 5. Bg2 Bb7 6. O-O O-O 7. d4 d6 8. c4 Nbd7 {A15: English Opening: 1...Nf6} 9. Nc3 Ne4 10. Qc2 Nxc3 11. Bxc3 {LiveBook: 3 Games} c5 12. d5 Bxc3 13. Qxc3 b5 14. e4 bxc4 15. bxc4 {[#]} Ba6 $146 16. Rfe1 Nb6 17. Bf1 f6 18. Nd2 Rb8 19. Qa5 Bc8 $1 20. Rab1 Qc7 21. Rb3 e5 22. dxe6 Bxe6 23. Reb1 Qf7 24. Qc3 Rb7 {[%cal Bb8b7,Bb7d7,Bd7d8][%mdl 32]} 25. f4 Rd7 26. Rb5 Rdd8 27. Re1 Bd7 28. Rbb1 Bc6 29. Re3 Rfe8 30. Rbe1 Ba8 31. Qc2 Nd7 {[%cal Bb6d7,Bd7f8,Bf8e6][%mdl 32]} 32. Bg2 Nf8 33. Qc3 Ne6 34. Nf3 Re7 35. Rf1 Qg7 36. Qa5 Ree8 37. Rd1 Qc7 38. Qc3 $36 {[%mdl 2048] White has some pressure.} Qf7 39. h4 Qg7 40. Kf2 f5 (40... Bc6 $11 {remains equal.}) 41. Qxg7+ Kxg7 $2 (41... Nxg7 $14 42. e5 dxe5 43. Rxd8 Rxd8) 42. exf5 $18 gxf5 {[#]} 43. Rde1 $1 Bxf3 44. Bxf3 Kf6 {[#]} 45. Ra3 $2 (45. Bh5 $1 $18) 45... Re7 $1 $14 46. Ra6 Rdd7 47. Bc6 Rd8 $1 48. h5 Rc7 49. Bd5 Nd4 50. Re3 Kg7 51. Rea3 Rdd7 52. Re3 {Precision: White = 58%, Black = 47%.} 1/2-1/2

[Event "GEO chT Clubs 2017"]
[Site "Tbilisi"]
[Date "2017.12.05"]
[Round "7"]
[White "Khotenashvili, Bela"]
[Black "Imerlishvili, Tamar"]
[Result "1-0"]
[WhiteElo "2455"]
[BlackElo "1243"]
[Annotator "TA"]
[PlyCount "79"]
[EventDate "2017.??.??"]
[EventCountry "GEO"]
[SourceTitle "playchess.com"]
[Source "ChessBase"]
[SourceQuality "1"]

{[%evp 14,79,27,16,16,9,11,12,64,50,56,52,79,75,70,81,74,67,236,233,205,234,168,131,123,114,267,271,337,329,573,576,611,610,617,613,643,639,713,718,732,720,746,727,762,750,837,869,856,839,849,853,823,781,982,982,977,980,972,970,960,956,967,954,1004,999,922,936]} 1. c4 c5 2. Nc3 Nf6 3. g3 g6 4. Bg2 Bg7 5. e3 O-O 6. Nge2 Nc6 7. d4 d6 8. h3 {LiveBook: 12 Games. E61: King's Indian: Early deviations for White, including Smyslov System} (8. O-O cxd4 9. exd4 e5 10. dxe5 dxe5 11. b3 Bf5 12. Ba3 Re8 13. Nb5 Qa5 14. Qe1 Bd3 15. Qxa5 Nxa5 16. Rfe1 Red8 17. Nec3 a6 {1-0 (35) Nakamura,H (2779)-Korobov,A (2692) Doha 2016}) 8... a6 9. O-O Rb8 10. b3 {The position is equal.} Na7 $146 (10... Bd7 $11) ({Predecessor:} 10... Bd7 11. a4 Nb4 12. Ba3 b5 13. axb5 axb5 14. dxc5 dxc5 15. Bxb4 cxb4 16. Nxb5 Bxb5 17. cxb5 Qxd1 18. Rfxd1 Rxb5 {1-0 (35) Gomes,M (2314)-Khademalsharieh,S (2412) Al Ain 2015}) 11. a4 Qc7 12. e4 e6 13. dxc5 dxc5 14. Bf4 e5 15. Be3 b5 $2 {[#]} (15... b6 $14) 16. axb5 $18 axb5 17. Nd5 Nxd5 18. cxd5 {Black must now prevent b4!} b4 19. Qc2 $36 {[%mdl 2048] Keeping Black busy.} Rb5 $2 {[#]} (19... Rd8 $16 20. Qxc5 (20. Bxc5 Nb5 $16) 20... Qxc5 21. Bxc5 Nb5 22. Bxb4 f5) 20. Rfc1 Bd7 21. Bxc5 Ra8 $2 (21... Qxc5 22. Qxc5 Rxc5) 22. Bxa7 {White is clearly winning.} Qxc2 23. Rxc2 Rb7 24. Bd4 Rxa1+ 25. Bxa1 f6 26. f4 Kf7 27. Bb2 Ke7 28. Nc1 Kd6 29. Nd3 Rb5 30. fxe5+ fxe5 31. Bc1 Rb8 32. Bd2 Ke7 33. Nxb4 Rc8 34. Rxc8 Bxc8 35. Nc6+ Kd7 36. Bc3 Kd6 37. Bf1 Bd7 38. Na5 Bc8 39. Nc4+ Kc7 40. Nxe5 {Precision: White = 74%, Black = 36%.} 1-0

[Event "GEO chT Clubs 2017"]
[Site "Tbilisi"]
[Date "2017.12.05"]
[Round "7"]
[White "Tutisani, Noe"]
[Black "Nachqebia, Luka"]
[Result "1-0"]
[WhiteElo "2361"]
[BlackElo "2057"]
[Annotator "NA RC"]
[PlyCount "29"]
[EventDate "2017.??.??"]
[EventCountry "GEO"]
[SourceTitle "playchess.com"]
[Source "ChessBase"]
[SourceQuality "1"]

1. e4 e5 2. Nf3 Nc6 3. Bc4 f5 4. d3 Nf6 5. O-O d6 6. Ng5 d5 7. exd5 Na5 8. Bb5+ c6 9. dxc6 bxc6 10. Ba4 h6 11. Nf3 Qc7 12. Nxe5 Qxe5 13. Re1 Ne4 14. Qh5+ Kd8 15. Rxe4 1-0

[Event "GEO chT Clubs 2017"]
[Site "Tbilisi"]
[Date "2017.12.05"]
[Round "7"]
[White "Charkhalashvili, Inga"]
[Black "Kuchava, Ana"]
[Result "1/2-1/2"]
[WhiteElo "2355"]
[BlackElo "2164"]
[Annotator "TA"]
[PlyCount "70"]
[EventDate "2017.??.??"]
[EventCountry "GEO"]
[SourceTitle "playchess.com"]
[Source "ChessBase"]
[SourceQuality "1"]

{[%evp 22,70,-5,-16,0,-2,0,-15,-18,-8,-7,-10,-4,0,-7,-17,0,-8,-10,0,19,20,26,0,4,0,0,0,0,0,0,0,0,0,0,-89,0,0,0,0,0,0,0,0,0,0,0,0,0,0,0]} 1. d4 d5 2. c4 e6 3. Nc3 Be7 4. Nf3 Nf6 5. Bg5 O-O 6. e3 h6 7. Bh4 b6 8. cxd5 Nxd5 9. Bg3 Nxc3 10. bxc3 Bb7 11. Bd3 c5 12. O-O Nc6 {D59: Queen's Gambit Declined: Tartakower Defence: Main line (8 cxd5 Nxd5)} 13. Rc1 (13. Bb1 Rc8 14. Qd3 f5 15. a4 Na5 16. Ne5 Bf6 17. f3 Bd5 18. Re1 cxd4 19. cxd4 Nb3 20. Ra3 {0-1 (59) Galliamova,A (2547)-Hort,V (2519) Amsterdam 2001}) 13... Rc8 14. Bb1 cxd4 15. Qd3 {[%csl Gb1][%cal Rd3h7] [#]} g6 16. exd4 Bf6 17. Rfe1 Bg7 18. h4 Qd5 19. Qd2 $146 ({Predecessor:} 19. Qf1 Qa5 20. Qd3 {1-0 (55) Nguyen,V-Tran,D Vung Tau 2005}) 19... Na5 20. Be4 Qb5 21. Bxb7 Nxb7 22. Be5 h5 23. Bxg7 Kxg7 24. Re5 Qa4 25. Rce1 {Black must now prevent Rxh5.} Nd6 {Hoping for ...Nc4.} 26. d5 exd5 27. Rxd5 Ne4 $1 {[%cal Re4d2]} 28. Qe3 {[#]} (28. Qf4 $11 Nxc3 29. Qxa4 Nxa4 30. Re7) 28... Nxc3 (28... Nf6 $1 $17 {[%cal Rf6d5]} 29. Rd4 Qa5) 29. Rxh5 $11 {The position is equal.} gxh5 30. Qg5+ Kh7 31. Qf5+ Kg7 32. Qg5+ Kh7 33. Qxh5+ Kg7 {aiming for ...Qf4.} 34. Qg5+ Kh7 {And now ...Qc6 would win.} 35. Qf5+ Kg7 {Precision: White = 66%, Black = 57%.} 1/2-1/2

[Event "GEO chT Clubs 2017"]
[Site "Tbilisi"]
[Date "2017.12.05"]
[Round "7"]
[White "Gvetadze, Sofio"]
[Black "Tevzadze, Mariam"]
[Result "1-0"]
[WhiteElo "2289"]
[BlackElo "1898"]
[Annotator "ChessBase"]
[PlyCount "35"]
[EventDate "2017.??.??"]
[EventCountry "GEO"]
[SourceTitle "playchess.com"]
[Source "ChessBase"]
[SourceQuality "1"]

1. Nf3 f5 2. g3 Nf6 3. Bg2 g6 4. O-O Bg7 5. c4 d6 6. Nc3 e5 7. d3 c6 8. c5 Qc7 9. cxd6 Qxd6 10. Bd2 h6 11. a3 O-O 12. Na4 Na6 13. Rc1 e4 14. Ne1 Be6 15. b4 Rad8 16. Qc2 Bd5 17. Be3 b6 18. Nc3 1-0

[Event "GEO chT Clubs 2017"]
[Site "Tbilisi"]
[Date "2017.12.05"]
[Round "7"]
[White "Ghvamberia, Nika"]
[Black "Sturua, Zurab"]
[Result "1-0"]
[WhiteElo "2232"]
[BlackElo "2536"]
[Annotator "TA"]
[PlyCount "135"]
[EventDate "2017.??.??"]
[EventCountry "GEO"]
[SourceTitle "playchess.com"]
[Source "ChessBase"]
[SourceQuality "1"]

{[%evp 18,135,33,22,26,29,30,46,32,36,67,67,62,60,60,52,113,112,115,116,112,119,110,108,130,120,121,120,130,130,127,110,115,115,115,115,116,116,116,116,116,115,115,110,115,115,117,117,116,110,150,156,151,124,173,162,165,0,147,0,148,149,160,154,160,148,156,111,187,199,177,166,164,146,141,131,168,155,154,154,233,209,373,376,364,376,366,364,362,362,354,354,354,354,354,351,279,342,280,294,308,335,904,866,7203,5898,5822,5708,6451,6601,6370,5472,4670,4618,12790,11670,5822,5822,4638,4627]} 1. e4 e5 2. Nf3 Nc6 3. Bb5 g6 4. O-O Bg7 5. c3 a6 6. Ba4 d6 7. d4 Bd7 8. Bg5 Nge7 9. dxe5 dxe5 10. Qc1 {LiveBook: 10 Games} h6 {C76: Ruy Lopez: Deferred Steinitz: 5 c3 Bd7 6 d4 g6} (10... O-O 11. Rd1 Qe8 12. Bh6 Rd8 13. Bxg7 Kxg7 14. Qe3 Nc8 15. Nbd2 Qe7 16. Bc2 Be6 17. Qe2 Nb6 18. Bb3 {½-½ (41) Mekhitarian,K (2546)-Matsuura,E (2473) Florianopolis 2013}) 11. Be3 Nc8 12. Rd1 $146 ({Predecessor:} 12. Bc5 Nd6 13. Bxd6 cxd6 14. Rd1 Bg4 15. Qe3 O-O 16. Bb3 Qe7 17. Na3 Rad8 18. Rd3 {½-½ (42) Bieluczyk,B-Toothill,J ICCF corr 1982}) 12... Nd6 {White is slightly better.} 13. Nbd2 Qf6 14. Bxc6 Bxc6 {[#]} 15. Nxe5 $1 {[%mdl 512]} Qxe5 16. Bd4 Qe6 ({Black should try} 16... Qg5 $14 17. Bxg7 Rh7) 17. Bxg7 $16 Rg8 {[#]} 18. e5 $1 $36 {[%cal Re5d6][%mdl 2048] Black is under strong pressure.} (18. Bxh6 $2 g5 $17) 18... Rxg7 19. exd6 O-O-O 20. dxc7 Kxc7 21. Nf3 Rxd1+ 22. Qxd1 Rg8 23. Nd4 Qd5 {[%csl Gc6][%cal Rd5g2]} 24. Qg4 Qg5 25. Qxg5 hxg5 {[%mdl 4096] Endgame KRB-KRN} 26. f3 Bd7 27. Re1 Kd6 28. Kf2 Rc8 29. Rd1 Ke7 30. Ke3 Rc5 31. h3 a5 32. Kd2 b6 33. b3 Kd6 34. c4 Re5 35. a3 Re8 36. Kc3 Kc7 {[#]} 37. Kd2 $2 (37. Nc2 $1 $18) 37... Rd8 (37... Kd6 $1 $11) 38. Kc3 Re8 39. Nc2 Re2 40. Rd2 Re8 41. Rd5 f5 42. Kd2 Be6 (42... g4 $16 {was worth a try.}) 43. Re5 $18 Kd6 44. Re3 Rh8 45. Nd4 Bd7 46. Kc3 Rf8 47. b4 axb4+ 48. Kxb4 Rc8 (48... g4 $16 {is a better defense.}) 49. a4 {[%cal Ba3a4,Ba4b5][%mdl 32]} Rc5 $2 (49... Rf8 {keeps fighting.} 50. Nb5+ Bxb5) 50. Nb5+ Bxb5 51. axb5 {KR-KR} ({Weaker is} 51. cxb5 Rc2 $18) 51... Rc8 52. Rd3+ Kc7 53. Ra3 Rd8 54. Ra7+ Kb8 55. Rg7 Rd6 56. Kc3 Kc8 57. g3 Kb8 58. c5 bxc5 59. Kc4 g4 $2 (59... Rf6 60. f4 g4 61. hxg4 (61. Kxc5 gxh3 62. Rh7 Re6 $18) 61... fxg4) 60. hxg4 {White is clearly winning.} fxg4 61. Kxc5 Re6 62. fxg4 {[%cal Bf3g4,Bg4g5][%mdl 32]} Kc8 63. b6 Kb8 64. Kb5 Re3 65. Rxg6 Rxg3 66. g5 Rg1 67. Kc6 {[%cal Rg6g8]} Rc1+ 68. Kd7 {Precision: White = 80%, Black = 47%.} 1-0

[Event "GEO chT Clubs 2017"]
[Site "Tbilisi"]
[Date "2017.12.05"]
[Round "7"]
[White "Tsomaia, Nikoloz"]
[Black "Quparadze, Giga"]
[Result "1/2-1/2"]
[WhiteElo "2206"]
[BlackElo "2515"]
[Annotator "TA"]
[PlyCount "82"]
[EventDate "2017.??.??"]
[EventCountry "GEO"]
[SourceTitle "playchess.com"]
[Source "ChessBase"]
[SourceQuality "1"]

{[%evp 25,82,0,0,0,6,0,0,0,0,0,0,0,0,0,0,0,0,0,0,0,0,0,0,0,16,0,0,0,0,2,1,2,5,0,41,31,86,23,148,137,172,160,119,124,133,0,0,0,0,0,0,0,0,0,0,0,0,0,6602]} 1. e4 c5 2. Nf3 e6 3. g3 Nc6 4. Bg2 Nf6 5. d3 d6 6. O-O Be7 7. Re1 O-O 8. c3 Bd7 9. d4 cxd4 {B30: Sicilian: 2...Nc6 3 Bb5, lines without ...g6} 10. cxd4 d5 11. e5 Ne4 12. Nbd2 Nxd2 13. Bxd2 Qb6 {LiveBook: 10 Games} (13... Rc8 14. Rc1 Qb6 15. Bc3 Nb4 16. Ra1 Bb5 17. Qd2 {0-1 (40) Kobalia,M (2632)-Morozevich,A (2711) Moscow 2015}) 14. Bc3 Bb4 15. Re3 $146 ({Predecessor:} 15. Bf1 Rfc8 16. Bd3 h6 17. g4 {1-0 (50) Czebe,A (2491)-Erigaisi,A (2270) New Delhi 2017}) 15... Bxc3 16. Rxc3 Na5 17. b3 Rac8 18. Rac1 Rxc3 19. Rxc3 Rc8 20. Rxc8+ Bxc8 21. Qd2 (21. Qd3 {seems wilder.} h6 22. Bf1 Nc6 23. Be2 Bd7 24. a4) 21... Nc6 22. Bf1 Bd7 23. Bd3 Qb4 24. Qb2 h6 25. h4 a5 26. a3 $36 {[%mdl 2048] White has the initiative.} Qe7 27. Kg2 Be8 28. Qc1 Na7 29. g4 b6 30. h5 Qd8 (30... a4 $14) 31. Bb1 (31. g5 $1 $16) 31... Qc8 (31... Qe7 $1 $11 {remains equal.}) 32. Qd2 $16 Nb5 33. a4 $1 {[%cal Ra4b5]} Nc3 {[#]} 34. Qc2 $1 {[%cal Rc2h7]} Kf8 {[#]} 35. Qh7 ({White should try} 35. g5 $1 $16) 35... Nxb1 $11 {The position is equal.} 36. Qxb1 {Black must now prevent Qh7.} Kg8 37. Qd3 Qc1 38. Kg3 Qb2 39. Kg2 Qc1 40. Kg3 Qb2 41. Kg2 Qxb3 $2 {[%mdl 40960] Precision: White = 62%, Black = 58%. . An unexpected result.} (41... Qc1 $11) 1/2-1/2